000 01779cam a2200397 a 4500
001 15062127
003 ARRUPE
005 20130918154931.0
008 071029s2008 ncu b 001 0 eng
010 _a 2007044868
015 _aGBA825321
_2bnb
016 7 _a014537148
_2Uk
020 _a9780822341789 (cloth : alk. paper)
020 _a0822341786 (cloth : alk. paper)
020 _a9780822341956 (pbk. : alk. paper)
020 _a0822341956 (pbk. : alk. paper)
035 _a(OCoLC)ocn180989486
035 _a(OCoLC)180989486
_z(OCoLC)179838613
040 _aDLC
_cDLC
_dDLC
050 0 0 _aBC177
_b.E94 2008
100 1 _aEze, Emmanuel Chukwudi.
_9625
245 1 0 _aOn reason :
_brationality in a world of cultural conflict and racism /
_cEmmanuel Chukwudi Eze.
260 _aDurham :
_bDuke University Press,
_c2008.
300 _axx, 327 p. ;
_c24 cm.
504 _aIncludes bibliographical references (p. [297]-317) and index.
505 0 _aPreface: What is rationality? -- Acknowledgments -- Introduction: Diversity and the social questions of reason -- Varieties of rational experience -- Ordinary historical reason -- Science, culture, and principles of rationality -- Languages of time in postcolonial memory -- Reason and unreason in politics.
650 0 _aReason.
_9626
650 0 _aCulture conflict.
_9627
650 0 _aMulticulturalism.
_9628
650 0 _aEthnicity.
_9629
650 0 _aPhilosophy, African.
_9630
856 4 1 _3Table of contents only
_uhttp://www.loc.gov/catdir/toc/ecip083/2007044868.html
906 _a7
_bcbc
_corignew
_d1
_eecip
_f20
_gy-gencatlg
942 _2lcc
_cMONOGRAPH
999 _c117896
_d117896